Something's fishy! / (Record no. 2204)

MARC details
000 -LEADER
fixed length control field 01208cam a2200325 a 4500
005 - DATE AND TIME OF LATEST TRANSACTION
control field 20231114131731.0
020 ## - INTERNATIONAL STANDARD BOOK NUMBER
International Standard Book Number 0689808216
020 ## - INTERNATIONAL STANDARD BOOK NUMBER
International Standard Book Number 0689808216
020 ## - INTERNATIONAL STANDARD BOOK NUMBER
International Standard Book Number 076714003255
040 ## - CATALOGING SOURCE
Original cataloging agency NCorniS
Transcribing agency NCorniS
Modifying agency DLC
Language of cataloging eng
050 00 - LIBRARY OF CONGRESS CALL NUMBER
Classification number PZ7.R2532
Item number So 1996
082 00 - DEWEY DECIMAL CLASSIFICATION NUMBER
Edition number 21
100 1# - MAIN ENTRY--PERSONAL NAME
Personal name Reed, Teresa
245 10 - TITLE STATEMENT
Title Something's fishy! /
Statement of responsibility, etc. by Teresa Reed ; pictures by George Ulrich.
250 ## - EDITION STATEMENT
Edition statement First Aladdin Paperbacks edition, August 1996
260 ## - PUBLICATION, DISTRIBUTION, ETC.
Place of publication, distribution, etc. New York :
Name of publisher, distributor, etc. Aladdin Paperbacks,
Date of publication, distribution, etc. 1996
300 ## - PHYSICAL DESCRIPTION
Extent 11 unnumbered pages :
Other physical details illustrations
Dimensions 20x21 cm
500 ## - GENERAL NOTE
General note "Nick Jr."
500 ## - GENERAL NOTE
General note "Allegra's window."
500 ## - GENERAL NOTE
General note Includes directions for making a fish mobile.
505 ## - FORMATTED CONTENTS NOTE
Formatted contents note K
520 ## - SUMMARY, ETC.
Summary, etc. Allegra takes care of Reed's fish while he is away and, because her friend, Poco, is upset, comes up with a great idea and gives him a fish mobile in order to make him feel better, in a story featuring simple instructions on how to create a mobile.
521 1# - TARGET AUDIENCE NOTE
Target audience note 550
Source Lexile estimate
521 1# - TARGET AUDIENCE NOTE
Target audience note K
Source Raz-Plus
650 #1 - SUBJECT ADDED ENTRY--TOPICAL TERM
Topical term or geographic name entry element Fishes
General subdivision Fiction.
700 1# - ADDED ENTRY--PERSONAL NAME
Personal name Ulrich, George
Relator term illustrator
906 ## - LOCAL DATA ELEMENT F, LDF (RLIN)
a 7
b cbc
c copycat
d 2
e opcn
f 19
g y-gencatlg
942 ## - ADDED ENTRY ELEMENTS (KOHA)
Source of classification or shelving scheme Dewey Decimal Classification
Koha item type Books
Suppress in OPAC No
999 ## -
-- 2204
-- 2204
Holdings
Withdrawn status Lost status Source of classification or shelving scheme Damaged status Not for loan Collection Home library Current library Shelving location Date acquired Total Checkouts Full call number Barcode Date last seen Price effective from Koha item type
    Dewey Decimal Classification     Juvenile Fiction Footprints International School Library Network Toul Kork Campus Footprints International School Library Network Toul Kork Campus TK Primary Library Room(4th Floor), Bookcase 3&4, Shelves 17-32, Yellow Books 11/10/2023   REE PZ7.R2532 FISBK072133 11/10/2023 11/10/2023 Books